[Event "KETCHUPLOVER'S KONUNDRUM"]
[Site "SchemingMind.com"]
[Date "2019.07.12"]
[Round "-"]
[White "Steven DuCharme"]
[Black "Mihir Chandrashekhar"]
[Result "0-1"]
[WhiteCountry "USA"]
[BlackCountry "IND"]
[WhiteElo "1571"]
[WhiteRD "67"]
[BlackElo "1934"]
[BlackRD "50"]
[GameID "443469"]

1. e4 c5 2. Nf3 Nc6 3. d4 cxd4 4. Nxd4 Nf6 5. Nc3 e5 6. Nb3 Bb4 7. Bd3 d5 8. Bd2 d4 9. Nd5 Bxd2+ 10. Qxd2 Nxd5
11. exd5 Qxd5 12. O-O O-O 13. c4 Qd6 14. c5 Qf6 15. f4 Be6 16. fxe5 Qxe5 17. Rae1 Qc7 18. Qc2 h6 19. Bf5 Nb4 20. Qb1 Bxb3
21. axb3 Qxc5 22. Bd3 Nxd3 23. Qxd3 Rac8 24. Kh1 a6 25. h3 Rfd8 26. Rc1 Qxc1 27. Rxc1 Rxc1+ 28. Kh2 Re1 29. h4 Re3 30. Qd2 d3
31. Qxe3 d2 32. Qf3 d1=Q 33. Qxd1 Rxd1 34. g4 Rd2+
0-1

[Event "KETCHUPLOVER'S KONUNDRUM"]
[Site "SchemingMind.com"]
[Date "2019.07.11"]
[Round "-"]
[White "Mihir Chandrashekhar"]
[Black "Steven DuCharme"]
[Result "1-0"]
[WhiteCountry "IND"]
[BlackCountry "USA"]
[WhiteElo "1959"]
[WhiteRD "52"]
[BlackElo "1483"]
[BlackRD "59"]
[GameID "443470"]

1. d4 Nf6 2. Nf3 d6 3. c4 g6 4. Nc3 Bg7 5. e4 O-O 6. Be2 b6 7. O-O Bb7 8. Qc2 Nbd7 9. Rd1 c5 10. d5 a6
11. a4 Ne5 12. Nxe5 dxe5 13. a5 Qc7 14. axb6 Qxb6 15. Na4 Qd6 16. Be3 Nd7 17. Bg4 Rfd8 18. Bxd7 Rxd7 19. Bxc5 Qf6 20. Nb6 Rad8
21. Nxd7 Rxd7 22. Ra3 h5 23. Rf3 Qg5 24. Be3 Qg4 25. Rg3 Qh4 26. Bg5 Qxg3 27. hxg3 f6 28. c5 Rd8 29. Be3
1-0

[Event "KETCHUPLOVER'S KONUNDRUM"]
[Site "SchemingMind.com"]
[Date "2019.07.17"]
[Round "-"]
[White "Steven DuCharme"]
[Black "Arnold Jones"]
[Result "1-0"]
[WhiteCountry "USA"]
[BlackCountry "ENG"]
[WhiteElo "1538"]
[WhiteRD "53"]
[BlackElo "1467"]
[BlackRD "68"]
[GameID "443692"]

1. e4 d6 2. Nf3 e5 3. d4 Nd7 4. dxe5 dxe5 5. Bc4 Be7 6. Qd5 Nh6 7. Bxh6 O-O 8. Be3 c6 9. Qd2 Nb6 10. Qxd8 Bxd8
11. Nxe5 Bf6 12. Bxb6 Bxe5 13. Bc5 Bxb2 14. Bxf8 Kxf8 15. Nd2 Bxa1 16. O-O Bd4 17. Nb3 Bb6 18. a4 a5 19. Rd1 Be6 20. Bxe6 fxe6
21. c4 c5 22. Rd6 Bc7 23. Rd7 Rd8 24. Nxc5 Rxd7 25. Nxd7+ Ke7 26. Nc5 b6 27. Nd3 Bd6 28. e5 Bc5 29. Nxc5 bxc5 30. f4 Kf7
31. g4 g6 32. g5 Kg7 33. Kg2 h6 34. gxh6+ Kxh6 35. Kg3 g5 36. Kg4 Kg6 37. fxg5 Kf7 38. h4 Kg7 39. Kh5 Kh7 40. g6+ Kg7
41. Kg5 Kh8 42. Kf6 Kg8 43. g7 Kh7 44. Kf7
1-0

[Event "KETCHUPLOVER'S KONUNDRUM"]
[Site "SchemingMind.com"]
[Date "2019.07.17"]
[Round "-"]
[White "Arnold Jones"]
[Black "Steven DuCharme"]
[Result "1/2-1/2"]
[WhiteCountry "ENG"]
[BlackCountry "USA"]
[WhiteElo "1467"]
[WhiteRD "68"]
[BlackElo "1538"]
[BlackRD "53"]
[GameID "443693"]

1. d4 Nf6 2. c4 e6 3. Bg5 Bb4+ 4. Nc3 O-O 5. a3 Bxc3+ 6. bxc3 h6 7. Bxf6 Qxf6 8. e3 c5 9. Nf3 b6 10. Bd3 Bb7
11. e4 d6 12. O-O Nd7 13. Qa4 Rfd8 14. Qc2 e5 15. d5 a5 16. a4 Nf8 17. Rab1 Ra6 18. Nd2 Ng6 19. f3 Nf4 20. Rb5 Nxd3
21. Qxd3 g6 22. Qe3 Rb8 23. Qxh6 Qg7 24. Qe3 Bc8 25. f4 Ra7 26. Rb2 f5 27. h3 exf4 28. Qd3 fxe4 29. Nxe4 Bf5 30. Rxf4 Re7
31. Qf3 Bxe4 32. Rxe4 Rbe8 33. Rxe7 Qxe7 34. Rf2 Qe1+ 35. Rf1 Qe3+ 36. Rf2 Qe1+ 37. Kh2 Qe5+ 38. g3 Qg7 39. h4 Re1 40. Qg4 Re3
41. Qc8+ Kh7 42. Qf8 Qxf8 43. Rxf8 Rxc3 44. Rf4 Kg7 45. Rg4 Kh6 46. Re4 Ra3 47. Re6 Rxa4 48. Rxd6 Rxc4 49. Rxb6 Rd4 50. Rb5 Rxd5
51. Rxa5 g5 52. Kh3 gxh4 53. gxh4 Kh5 54. Ra4 Rd3+ 55. Kg2 Rd4=
1/2-1/2

[Event "KETCHUPLOVER'S KONUNDRUM"]
[Site "SchemingMind.com"]
[Date "2019.07.18"]
[Round "-"]
[White "Mihir Chandrashekhar"]
[Black "Arnold Jones"]
[Result "1-0"]
[WhiteCountry "IND"]
[BlackCountry "ENG"]
[WhiteElo "1934"]
[WhiteRD "50"]
[BlackElo "1369"]
[BlackRD "84"]
[GameID "443694"]

1. e4 c5 2. Nf3 e5 3. Nxe5 d6 4. Nf3 f6 5. Bc4 Ne7 6. O-O d5 7. exd5 Nxd5 8. Qe2+ Be7 9. Re1 Nf4 10. Qe4 Qc7
11. Nc3 f5 12. Qe3 Nc6 13. Nb5 Nxg2 14. Nxc7+ Kd8 15. Kxg2 Kxc7 16. d4 Nb4 17. Qxe7+ Kb6 18. Qxc5#
1-0

[Event "KETCHUPLOVER'S KONUNDRUM"]
[Site "SchemingMind.com"]
[Date "2019.07.18"]
[Round "-"]
[White "Arnold Jones"]
[Black "Mihir Chandrashekhar"]
[Result "0-1"]
[WhiteCountry "ENG"]
[BlackCountry "IND"]
[WhiteElo "1369"]
[WhiteRD "84"]
[BlackElo "1934"]
[BlackRD "50"]
[GameID "443695"]

1. c4 Nf6 2. d4 e6 3. Nc3 Bb4 4. a3 Bxc3+ 5. bxc3 d5 6. e3 O-O 7. Nf3 c5 8. Nd2 Nc6 9. Nf3 Qc7 10. Bd3 a6
11. O-O dxc4 12. Bc2 b5 13. Ne5 Nxe5 14. dxe5 Qxe5 15. Bb2 Bb7 16. Qe1 Rad8 17. f4 Qd5 18. Qe2 Qd2 19. Qxd2 Rxd2 20. Rf2 Rfd8
21. Bc1 Rxf2 22. Kxf2 Be4 23. Bxe4 Nxe4+ 24. Kf3 f5 25. Bb2 Rd2
0-1

[Event "KETCHUPLOVER'S KONUNDRUM"]
[Site "SchemingMind.com"]
[Date "2019.08.02"]
[Round "-"]
[White "Steven DuCharme"]
[Black "Colin.Peeters"]
[Result "0-1"]
[WhiteCountry "USA"]
[BlackCountry "ENG"]
[WhiteElo "1483"]
[WhiteRD "59"]
[BlackElo "1555"]
[BlackRD "105"]
[GameID "444280"]

1. c4 e5 2. b3 d5 3. cxd5 Nf6 4. Bb2 Qxd5 5. Nc3 Qd8 6. Qc2 Be6 7. O-O-O Be7 8. g3 Ng4 9. Nh3 O-O 10. f3 Nh6
11. Bg2 c6 12. d3 Qd7 13. Nf2 Na6 14. a3 Nf5 15. Qd2 Bxb3 16. Rde1 Bc5 17. Nce4 Be3
0-1

[Event "KETCHUPLOVER'S KONUNDRUM"]
[Site "SchemingMind.com"]
[Date "2019.08.02"]
[Round "-"]
[White "Colin.Peeters"]
[Black "Steven DuCharme"]
[Result "0-1"]
[WhiteCountry "ENG"]
[BlackCountry "USA"]
[WhiteElo "1489"]
[WhiteRD "90"]
[BlackElo "1538"]
[BlackRD "53"]
[GameID "444281"]

1. d4 d5 2. f4 Nf6 3. e3 g6 4. Bd3 c6 5. Nf3 Bg7 6. c3 O-O 7. O-O Bg4 8. h3 Bd7 9. Nbd2 a5 10. a4 Na6
11. Ne5 Re8 12. Nxd7 Qxd7 13. Re1 Nc7 14. e4 dxe4 15. Nxe4 Nxe4 16. Bxe4 f5 17. Bf3 Nd5 18. Qe2 e6 19. Bd2 b5 20. Rac1 Rab8
21. c4 bxc4 22. Bxa5 Bxd4+ 23. Kh1 Rxb2 24. Qxc4 c5 25. Bxd5 exd5 26. Rxe8+ Qxe8 27. Qxd5+ Kg7 28. Re1 Qb8 29. Re7+ Kh6 30. Bc7 Rb1+
31. Kh2 Bg1+ 32. Kh1 Be3+ 33. Kh2 Bxf4+ 34. g3 Rb2+ 35. Kh1 Bxc7 36. h4 Rb1+ 37. Kh2 Bxg3+ 38. Kg2 Qb2+ 39. Kh3 Qh2#
0-1

[Event "KETCHUPLOVER'S KONUNDRUM"]
[Site "SchemingMind.com"]
[Date "2019.08.01"]
[Round "-"]
[White "Mihir Chandrashekhar"]
[Black "Colin.Peeters"]
[Result "1-0"]
[WhiteCountry "IND"]
[BlackCountry "ENG"]
[WhiteElo "1997"]
[WhiteRD "54"]
[BlackElo "1489"]
[BlackRD "90"]
[GameID "444282"]

1. d4 f5 2. c4 Nf6 3. g3 Nc6 4. Bg2 d5 5. cxd5 Nxd5 6. Nc3 Be6 7. Nf3 Nxc3 8. bxc3 Qd5 9. O-O Qa5 10. Qd3 O-O-O
11. c4 Nxd4 12. Nxd4 Qe5 13. Bb2 c5 14. Qb3 Rd7 15. Nxe6 Qxe6 16. Rad1 Qxe2 17. Rxd7 Kxd7 18. Qxb7+ Ke6 19. Bd5+
1-0

[Event "KETCHUPLOVER'S KONUNDRUM"]
[Site "SchemingMind.com"]
[Date "2019.08.02"]
[Round "-"]
[White "Colin.Peeters"]
[Black "Mihir Chandrashekhar"]
[Result "0-1"]
[WhiteCountry "ENG"]
[BlackCountry "IND"]
[WhiteElo "1319"]
[WhiteRD "85"]
[BlackElo "1801"]
[BlackRD "52"]
[GameID "444283"]

1. d4 Nf6 2. c4 e6 3. a3 b6 4. Nc3 Bb7 5. Nf3 d5 6. b3 Be7 7. Ne5 c5 8. dxc5 d4 9. Nb5 bxc5 10. e3 a6
11. Nxd4 cxd4 12. Bb2 dxe3 13. Qxd8+ Bxd8 14. fxe3 Nc6 15. O-O-O Bc7 16. Nxc6 Bxc6 17. Bxf6 gxf6 18. c5 a5 19. h4 Rb8 20. Bc4 Ke7
21. Rd2 Rhg8 22. Rhd1 Rbd8 23. Rxd8 Rxd8
0-1

[Event "KETCHUPLOVER'S KONUNDRUM"]
[Site "SchemingMind.com"]
[Date "2019.07.31"]
[Round "-"]
[White "Arnold Jones"]
[Black "Colin.Peeters"]
[Result "1-0"]
[WhiteCountry "ENG"]
[BlackCountry "ENG"]
[WhiteElo "1357"]
[WhiteRD "82"]
[BlackElo "1555"]
[BlackRD "105"]
[GameID "444284"]

1. d4 Nf6 2. c4 e6 3. Nc3 Bb4 4. a3 Bxc3+ 5. bxc3 d5 6. e3 O-O 7. c5 c6 8. Bd3 Ne4 9. Bxe4 dxe4 10. Ne2 Nd7
11. O-O Nf6 12. c4 Re8 13. Nc3 Re7 14. Qc2 e5 15. Rd1 exd4 16. Rxd4 Bd7 17. Bb2 Qc7 18. h3 Rd8 19. Rad1 b5 20. cxb5 cxb5
21. Nd5 Nxd5 22. Rxd5 Qc6 23. Qc3 f6 24. Rd6 Qc8 25. c6 Kf7 26. c7 Rde8 27. Qc5 Qb7 28. Rxd7 Qc8 29. Rxe7+ Rxe7 30. Rc1 Rd7
31. Bd4 Ke8 32. Qxa7 Ke7 33. Qb8 Qa6 34. c8=Q Qxc8 35. Rxc8
1-0

[Event "KETCHUPLOVER'S KONUNDRUM"]
[Site "SchemingMind.com"]
[Date "2019.07.31"]
[Round "-"]
[White "Colin.Peeters"]
[Black "Arnold Jones"]
[Result "1-0"]
[WhiteCountry "ENG"]
[BlackCountry "ENG"]
[WhiteElo "1555"]
[WhiteRD "105"]
[BlackElo "1357"]
[BlackRD "82"]
[GameID "444285"]

1. d4 d5 2. Nf3 f6 3. h3 e6 4. a3 Ne7 5. Nbd2 b5 6. b4 c6 7. e4 dxe4 8. Nxe4 Nd5 9. Bd3 Be7 10. Bd2 a6
11. O-O Nc7 12. Nc3 O-O 13. Ne2 Nd7 14. Ng3 e5 15. Nf5 Ne6 16. Nxe7+ Qxe7 17. Re1 exd4 18. Nxd4 Ne5 19. Nxe6 Bxe6 20. Bf4 Nxd3
21. Qxd3 Rad8 22. Qg3 Qf7 23. Bh6 Bd5 24. Re3 Qg6 25. Qxg6 hxg6 26. Bf4 Ra8 27. Rae1 Rfe8 28. Rxe8+ Rxe8 29. Rxe8+ Kh7 30. Ra8 c5
31. Rxa6 cxb4 32. axb4 Bc4 33. h4 Be2 34. f3 Bc4 35. Kf2 Kg8 36. g4 Kh8 37. g5 fxg5 38. Bxg5
1-0

[Event "KETCHUPLOVER'S KONUNDRUM"]
[Site "SchemingMind.com"]
[Date "2019.08.04"]
[Round "-"]
[White "Steven DuCharme"]
[Black "grabapawn"]
[Result "1-0"]
[WhiteCountry "USA"]
[BlackCountry "USA"]
[WhiteElo "1538"]
[WhiteRD "53"]
[BlackElo "1453"]
[BlackRD "54"]
[GameID "444389"]

1. g3 d6 2. Bg2 Nf6 3. d4 Nbd7 4. Nf3 e5 5. dxe5 dxe5 6. O-O c6 7. b3 Qc7 8. Bb2 Bd6 9. Nbd2 Nf8 10. Nc4 Be7
11. Re1 Ng6 12. Nfxe5 Nxe5 13. Bxe5 Qd7 14. Nd6+ Kf8 15. c4 Qe6 16. f4 Ng4 17. e4 Nxe5 18. fxe5 Qxe5 19. Nxc8 Rxc8 20. Qc2 Bc5+
21. Kh1 h5 22. Rad1 h4 23. g4 Re8 24. h3 Bd6 25. Bf1 Rh6 26. Re2 Rf6 27. Qb2 Qg3 28. Rg2 Qf4 29. Bd3 c5 30. Rf1 Qg5
31. Rxf6 gxf6 32. Re2 Qf4 33. Rf2 Qg3 34. Qxf6 Bf4 35. Qxf4 Qxh3+ 36. Kg1 Qg3+ 37. Qxg3 hxg3 38. Rg2 a6 39. Rxg3 b6 40. a4
1-0

[Event "KETCHUPLOVER'S KONUNDRUM"]
[Site "SchemingMind.com"]
[Date "2019.08.04"]
[Round "-"]
[White "grabapawn"]
[Black "Steven DuCharme"]
[Result "1/2-1/2"]
[WhiteCountry "USA"]
[BlackCountry "USA"]
[WhiteElo "1475"]
[WhiteRD "51"]
[BlackElo "1483"]
[BlackRD "59"]
[GameID "444390"]

1. d4 Nf6 2. Bf4 g6 3. c4 Bg7 4. Nc3 O-O 5. e3 b6 6. Bd3 Bb7 7. Nf3 d6 8. h4 Nbd7 9. Ng5 e5 10. Bg3 h5
11. Rh2 exd4 12. exd4 Re8+ 13. Ne2 Ne4 14. Nxe4 Bxe4 15. Bxe4 Rxe4 16. f3 Re7 17. Kf1 c5 18. Bxd6 Re6 19. Bg3 Bxd4 20. Nxd4 cxd4
21. Qxd4 Nc5 22. Qc3 Qd3+ 23. Qxd3 Nxd3 24. Bf2 Nxf2 25. Kxf2 Rc8 26. b3 b5 27. Rc1 bxc4 28. Rxc4 Rxc4 29. bxc4 Rc6 30. Rh1 Rxc4
31. Re1 Rc2+ 32. Re2 Rxe2+ 33. Kxe2 f5 34. Ke3 Kf7 35. a4 Ke6 36. f4 Kd5 37. Kd3 a5 38. g3 Kc5 39. Kc3 Kd5 40. Kd3 Kc5
41. Kc3 Kd5 42. Kd3 Kc5 43. Kc3 Kd5=
1/2-1/2

[Event "KETCHUPLOVER'S KONUNDRUM"]
[Site "SchemingMind.com"]
[Date "2019.08.09"]
[Round "-"]
[White "grabapawn"]
[Black "Mihir Chandrashekhar"]
[Result "0-1"]
[WhiteCountry "USA"]
[BlackCountry "IND"]
[WhiteElo "1453"]
[WhiteRD "54"]
[BlackElo "1997"]
[BlackRD "54"]
[GameID "444391"]

1. d4 Nf6 2. Bf4 e6 3. Nf3 d5 4. e3 c5 5. c3 Nc6 6. Bd3 Bd6 7. Bg3 O-O 8. Bxd6 Qxd6 9. Nbd2 c4 10. Bc2 b5
11. g3 a5 12. Ng5 e5 13. h4 h6 14. Ngf3 Bg4 15. Ke2 e4 16. Nxe4 dxe4 17. Bxe4 Nxe4 18. Qg1 Qf6 19. Qg2 b4 20. Rac1 bxc3
21. bxc3 Rab8 22. Rc2 Nxc3+ 23. Rxc3 Bxf3+ 24. Qxf3 Rb2+
0-1

[Event "KETCHUPLOVER'S KONUNDRUM"]
[Site "SchemingMind.com"]
[Date "2019.08.09"]
[Round "-"]
[White "Mihir Chandrashekhar"]
[Black "grabapawn"]
[Result "1-0"]
[WhiteCountry "IND"]
[BlackCountry "USA"]
[WhiteElo "1997"]
[WhiteRD "54"]
[BlackElo "1453"]
[BlackRD "54"]
[GameID "444392"]

1. d4 d6 2. c4 Nf6 3. Nf3 Nbd7 4. Nc3 e5 5. e4 Be7 6. Be2 c6 7. O-O Qc7 8. Qc2 Nf8 9. Rd1 Ng6 10. h3 h6
11. Be3 Nf4 12. dxe5 dxe5 13. Bf1 g5 14. Ne2 Bd7 15. Qc3 Nxe4 16. Qxe5 Qxe5 17. Nxe5 Be6 18. Nxf4 gxf4 19. Bxf4 Rg8 20. f3 Nc5
21. Kf2 Rd8 22. Bxh6 Nd7 23. Nxd7 Bxd7 24. Bf4 Bc5+ 25. Be3 Bxe3+ 26. Kxe3 Kf8 27. g4 Re8+ 28. Kf4 c5 29. Rxd7 Re7 30. Rxe7 Kxe7
31. Re1+ Kd7 32. h4 Rh8 33. h5 a6 34. Bh3 Kd6 35. Kg5
1-0

[Event "KETCHUPLOVER'S KONUNDRUM"]
[Site "SchemingMind.com"]
[Date "2019.08.04"]
[Round "-"]
[White "grabapawn"]
[Black "Arnold Jones"]
[Result "1-0"]
[WhiteCountry "USA"]
[BlackCountry "ENG"]
[WhiteElo "1475"]
[WhiteRD "51"]
[BlackElo "1357"]
[BlackRD "82"]
[GameID "444393"]

1. d4 d6 2. Bf4 e6 3. Nf3 f6 4. e3 g5 5. Bg3 h5 6. h3 h4 7. Bh2 Ne7 8. Bd3 e5 9. c3 Bd7 10. Nbd2 c6
11. Ne4 Ng6 12. Qb3 Qc7 13. Nxf6+ Ke7 14. Bxg6 Be6 15. d5 Kxf6 16. dxe6 Kxg6 17. Qc2+ Kf6 18. Qe4 Bh6 19. g4 hxg3 20. fxg3 Qh7
21. Qc4 d5 22. Qb4 Bf8 23. Qb3 Bd6 24. h4 Qe4 25. hxg5+ Kxe6 26. Ke2 Bc5 27. Rae1 Qxe3+ 28. Kd1 Qxf3+ 29. Kc1 Qg4 30. Qxb7 Kd6
31. Qxa8 Kc7 32. b4 Bb6 33. Rxe5 Kc8 34. Rhe1 Rh7 35. Re8+ Bd8 36. Rxd8+
1-0

[Event "KETCHUPLOVER'S KONUNDRUM"]
[Site "SchemingMind.com"]
[Date "2019.08.04"]
[Round "-"]
[White "Arnold Jones"]
[Black "grabapawn"]
[Result "0-1"]
[WhiteCountry "ENG"]
[BlackCountry "USA"]
[WhiteElo "1357"]
[WhiteRD "82"]
[BlackElo "1475"]
[BlackRD "51"]
[GameID "444394"]

1. d4 d6 2. c4 Nf6 3. b3 Nbd7 4. Nc3 e5 5. e4 Be7 6. c5 c6 7. cxd6 Bxd6 8. dxe5 Bxe5 9. Nge2 Qc7 10. Bf4 Bxf4
11. Nxf4 Qxf4 12. g3 Qe5 13. Qc2 O-O 14. Bg2 Nc5 15. b4 Na4 16. Rc1 Nxc3 17. Qxc3 Qxc3+ 18. Rxc3 Re8 19. f3 Be6 20. a3 Rad8
21. O-O Rd2 22. h3 Red8 23. Rcc1 Nh5 24. Kh2 f5 25. e5 f4 26. gxf4 Nxf4 27. Rg1 Ne2 28. Rcf1 Nxg1 29. Kxg1 Ra2 30. Rc1 Rdd2
31. Bf1 Rh2 32. Bc4 Bxc4 33. Rxc4 Rhd2 34. Rc1 Rg2+ 35. Kh1 Rh2+ 36. Kg1 Rag2+
0-1

[Event "KETCHUPLOVER'S KONUNDRUM"]
[Site "SchemingMind.com"]
[Date "2019.08.05"]
[Round "-"]
[White "grabapawn"]
[Black "Colin.Peeters"]
[Result "0-1"]
[WhiteCountry "USA"]
[BlackCountry "ENG"]
[WhiteElo "1475"]
[WhiteRD "51"]
[BlackElo "1555"]
[BlackRD "105"]
[GameID "444395"]

1. d4 Nf6 2. Bf4 g6 3. Nc3 d5 4. e3 c6 5. Be2 Bg7 6. h4 Nh5 7. Bh2 Qa5 8. g4 Nf6 9. f3 Nfd7 10. Bd3 c5
11. Kf2 cxd4 12. Nb5 dxe3+ 13. Kxe3 Bxb2 14. Rb1 Qb6+ 15. Ke2 Qe6+ 16. Kf1 Be5 17. f4 Bd6 18. f5 gxf5 19. Bxf5 Qh6 20. Nf3 Bxh2
21. Rxh2 Qf4 22. Rg2 Qc4+ 23. Bd3 Qc6 24. Nfd4 Qf6+ 25. Kg1 Na6 26. Nf5 Ne5 27. Rf2 Nxd3 28. Qxd3 Bxf5 29. Rxf5 Qxh4 30. Nd6+ exd6
31. Qb5+ Kf8 32. Rxf7+ Kxf7 33. Qd7+ Kg6 34. Qxd6+ Qf6 35. Qxd5 Rhe8 36. Qh5+ Kg7 37. Rxb7+ Re7 38. Rxe7+ Qxe7
0-1

[Event "KETCHUPLOVER'S KONUNDRUM"]
[Site "SchemingMind.com"]
[Date "2019.08.05"]
[Round "-"]
[White "Colin.Peeters"]
[Black "grabapawn"]
[Result "0-1"]
[WhiteCountry "ENG"]
[BlackCountry "USA"]
[WhiteElo "1555"]
[WhiteRD "105"]
[BlackElo "1475"]
[BlackRD "51"]
[GameID "444396"]

1. d4 d6 2. f4 Nf6 3. e3 Nbd7 4. Bd3 e5 5. Nd2 Be7 6. c3 c6 7. Ngf3 Qc7 8. O-O h6 9. Re1 g5 10. fxg5 hxg5
11. Nxg5 exd4 12. exd4 d5 13. Qe2 Nf8 14. Ndf3 Bg4 15. h3 Bxf3 16. Qxf3 Ne4 17. Qxf7+ Kd8 18. Ne6+ Nxe6 19. Qxe6 Qg3 20. Bxe4 Qxe1+
21. Kh2 Qxe4 22. Qxe4 dxe4 23. Be3 Bd6+ 24. Kh1 Kc7 25. b4 b5 26. a4 bxa4 27. Rxa4 Rhf8 28. c4 Rf1+ 29. Bg1 Bg3 30. Ra3 Bf2
31. Ra5 Rxg1+ 32. Kh2 Bxd4 33. Rh5 Rf1 34. c5 Re8
0-1

[Event "KETCHUPLOVER'S KONUNDRUM"]
[Site "SchemingMind.com"]
[Date "2019.08.29"]
[Round "-"]
[White "Steven DuCharme"]
[Black "Thegreatvoid"]
[Result "1-0"]
[WhiteCountry "USA"]
[BlackCountry "USA"]
[WhiteElo "1538"]
[WhiteRD "53"]
[BlackElo "1501"]
[BlackRD "89"]
[GameID "445235"]

1. c4 Nf6 2. Nf3 g6 3. Nc3 Bg7 4. g3 d5 5. cxd5 Nxd5 6. Bg2 Nxc3 7. bxc3 c5 8. O-O O-O 9. d4 cxd4 10. Nxd4 e5
11. Nb5 Qxd1 12. Rxd1 Na6 13. Nd6 Rb8 14. e4 Be6 15. Ba3 Rfd8 16. h3 Bf8 17. f4 Nc7 18. f5 gxf5 19. exf5
1-0

[Event "KETCHUPLOVER'S KONUNDRUM"]
[Site "SchemingMind.com"]
[Date "2019.08.29"]
[Round "-"]
[White "Thegreatvoid"]
[Black "Steven DuCharme"]
[Result "1-0"]
[WhiteCountry "USA"]
[BlackCountry "USA"]
[WhiteElo "1630"]
[WhiteRD "70"]
[BlackElo "1528"]
[BlackRD "53"]
[GameID "445236"]

1. c4 f5 2. Nf3 Nf6 3. g3 c6 4. Bg2 e6 5. O-O Be7 6. Nc3 O-O 7. d3 b6 8. Bg5 Bb7 9. d4 d6 10. Nd2 Nbd7
11. e4 h6 12. Bxf6 Bxf6 13. Nf3 Re8 14. d5 exd5 15. exd5 cxd5 16. Nxd5 Bxb2 17. Rb1 Ba3 18. Re1 Ne5 19. Nxe5 Rxe5 20. Nf4 Bxg2
21. Nxg2 Rxe1+ 22. Qxe1 Qe8 23. Nf4 Kf7 24. Qd1 Bc5 25. Qd5+ Kf6 26. Qd2 Qe5 27. Re1 Qd4 28. Re6+ Kf7 29. Qe2 Qxf2+ 30. Qxf2 Bxf2+
31. Kxf2 g5 32. Rxd6 gxf4 33. gxf4 Kg7 34. h4 h5= 35. Ke3 Rc8 36. Kd4 Rc7 37. Kd5 Re7 38. Re6 Rc7 39. Rc6 Re7 40. Re6 Rd7+
41. Ke5 Rf7 42. Kd6 Rb7 43. Re7+ Rxe7 44. Kxe7 a5 45. Kd6
1-0

[Event "KETCHUPLOVER'S KONUNDRUM"]
[Site "SchemingMind.com"]
[Date "2019.08.29"]
[Round "-"]
[White "grabapawn"]
[Black "Thegreatvoid"]
[Result "0-1"]
[WhiteCountry "USA"]
[BlackCountry "USA"]
[WhiteElo "1453"]
[WhiteRD "54"]
[BlackElo "1501"]
[BlackRD "89"]
[GameID "445237"]

1. d4 Nf6 2. Bf4 d5 3. e3 Bf5 4. c3 e6 5. Bd3 Bxd3 6. Qxd3 Be7 7. Nd2 O-O 8. h4 Nh5 9. Bg3 Nxg3 10. fxg3 Qd6
11. Rh2 Qxg3+
0-1

[Event "KETCHUPLOVER'S KONUNDRUM"]
[Site "SchemingMind.com"]
[Date "2019.08.29"]
[Round "-"]
[White "Thegreatvoid"]
[Black "grabapawn"]
[Result "1-0"]
[WhiteCountry "USA"]
[BlackCountry "USA"]
[WhiteElo "1501"]
[WhiteRD "89"]
[BlackElo "1453"]
[BlackRD "54"]
[GameID "445238"]

1. c4 d6 2. Nc3 Nf6 3. g3 Nbd7 4. Bg2 e5 5. Nf3 Be7 6. O-O c6 7. d4 Qc7 8. dxe5 dxe5 9. Bg5 h6 10. Bxf6 Nxf6
11. Qc2 g6 12. Qa4 O-O 13. Rfd1 Bf5 14. Nd2 h5 15. Nde4 Ng4 16. h3 Nf6 17. Nxf6+ Bxf6 18. e4 Be6 19. Rac1 g5 20. Nd5 Qd8
21. Nf4 Bd7 22. Nxh5 Bg7 23. Nxg7 Kxg7 24. Rd6 Qc8 25. Rcd1 Bxh3 26. Qa5 Rh8 27. Qxe5+ Kh7 28. Qxg5 Qf8 29. Bxh3 Qg7 30. Qh5+ Kg8
31. Rd8+
1-0

[Event "KETCHUPLOVER'S KONUNDRUM"]
[Site "SchemingMind.com"]
[Date "2019.08.29"]
[Round "-"]
[White "Mihir Chandrashekhar"]
[Black "Thegreatvoid"]
[Result "1-0"]
[WhiteCountry "IND"]
[BlackCountry "USA"]
[WhiteElo "1862"]
[WhiteRD "51"]
[BlackElo "1641"]
[BlackRD "74"]
[GameID "445239"]

1. d4 Nf6 2. c4 g6 3. Nf3 d5 4. cxd5 Nxd5 5. e4 Nb6 6. Nc3 Bg7 7. Be3 Bg4 8. Bb5+ c6 9. Be2 O-O 10. O-O N8d7
11. h3 Bxf3 12. gxf3 Qc8 13. Kh2 e5 14. d5 cxd5 15. Nxd5
1-0

[Event "KETCHUPLOVER'S KONUNDRUM"]
[Site "SchemingMind.com"]
[Date "2019.08.29"]
[Round "-"]
[White "Thegreatvoid"]
[Black "Mihir Chandrashekhar"]
[Result "0-1"]
[WhiteCountry "USA"]
[BlackCountry "IND"]
[WhiteElo "1641"]
[WhiteRD "74"]
[BlackElo "1862"]
[BlackRD "51"]
[GameID "445240"]

1. c4 c5 2. Nc3 Nf6 3. g3 Nc6 4. Bg2 g6 5. Nf3 Bg7 6. d4 cxd4 7. Nxd4 O-O 8. O-O a6 9. e4 Qc7 10. Nxc6 dxc6
11. Qc2 Rd8 12. Re1 e5 13. Bg5 h6 14. Bxf6 Bxf6 15. Rad1 Be6
0-1

[Event "KETCHUPLOVER'S KONUNDRUM"]
[Site "SchemingMind.com"]
[Date "2019.08.29"]
[Round "-"]
[White "Arnold Jones"]
[Black "Thegreatvoid"]
[Result "0-1"]
[WhiteCountry "ENG"]
[BlackCountry "USA"]
[WhiteElo "1467"]
[WhiteRD "68"]
[BlackElo "1501"]
[BlackRD "89"]
[GameID "445241"]

1. d4 Nf6 2. c4 g6 3. Nf3 Bg7 4. Nc3 d5 5. e3 Bg4 6. Nxd5 Nxd5 7. cxd5 Qxd5 8. Be2 O-O 9. h3 Bd7 10. O-O Bc6
11. Bd3 Nd7 12. e4 Qa5 13. Bd2 Qb6 14. Bc3 Bb5 15. Bxb5 Qxb5 16. a4 Qh5 17. Ne5 Qxd1 18. Raxd1 Nxe5 19. dxe5 Rad8 20. f4 e6
21. Rc1 Rd7 22. Rf2 Rfd8 23. Rcf1 a6 24. h4 Rd1 25. Be1 f6 26. g4 fxe5 27. f5 exf5 28. exf5 gxf5 29. gxf5 Bf6 30. Rg2+ Kh8
31. Bc3 Rxf1+ 32. Kxf1 Rg8 33. Re2 Re8 34. b4 Kg8 35. Re4 Kf7 36. b5 axb5 37. axb5 c6 38. b6 Rd8 39. Ra4 Rd7 40. Ke2 Kg7
41. Bd2 Bd8 42. Rg4+ Kh8 43. Bc3 Bf6 44. Bd2 h5 45. Re4 Rd5 46. Bg5 Kg7 47. Ke3 Rb5 48. Kd3 Rxb6 49. Rc4 Rb1 50. Re4 c5
51. Kc4 Rb4+ 52. Kd5 Rxe4 53. Kxe4 b5 54. Kd5 b4
0-1

[Event "KETCHUPLOVER'S KONUNDRUM"]
[Site "SchemingMind.com"]
[Date "2019.08.28"]
[Round "-"]
[White "Thegreatvoid"]
[Black "Arnold Jones"]
[Result "0-1"]
[WhiteCountry "USA"]
[BlackCountry "ENG"]
[WhiteElo "1501"]
[WhiteRD "89"]
[BlackElo "1467"]
[BlackRD "68"]
[GameID "445242"]

1. c4 e6 2. Nc3 Nf6 3. g3 Nc6 4. Bg2 Bb4 5. Nf3 Bxc3 6. bxc3 O-O 7. d4 d5 8. c5 Na5 9. Bg5 h6 10. Bxf6 Qxf6
11. O-O Nc4 12. Nd2 c6 13. Nxc4 dxc4 14. e4 Bd7 15. e5 Qe7 16. Qe2 b6 17. cxb6 axb6 18. Qxc4 b5 19. Qd3 Ra3 20. Qd2 Rd8
21. f4 Bc8 22. Bxc6 Ba6 23. Rf2 Qc7 24. Be4 Rxc3 25. Rd1 Rc4 26. Qe2 Rdxd4 27. Bd3 Rc1 28. Rff1 Rxd1 29. Rxd1 Qb6 30. Qe3 g6
31. Kf2 Qd8 32. h4 h5 33. f5 gxf5 34. Qh6 Rxd3 35. Rxd3 Qxd3
0-1

[Event "KETCHUPLOVER'S KONUNDRUM"]
[Site "SchemingMind.com"]
[Date "2019.08.30"]
[Round "-"]
[White "Steven DuCharme"]
[Black "kenneth m day"]
[Result "0-1"]
[WhiteCountry "USA"]
[BlackCountry "USA"]
[WhiteElo "1528"]
[WhiteRD "53"]
[BlackElo "1692"]
[BlackRD "51"]
[GameID "445266"]

1. c4 g6 2. g3 Bg7 3. Bg2 d6 4. Nf3 c5 5. O-O Nc6 6. Nc3 Nf6 7. d4 O-O 8. dxc5 dxc5 9. Qxd8 Rxd8 10. Bg5 h6
11. Bxf6 Bxf6 12. Rfd1 Be6 13. Nd2 Rac8 14. Nde4 Bxc3 15. bxc3 b6 16. Nd2 Ne5 17. a4 Nxc4 18. Nxc4 Bxc4 19. e3 Rd3 20. Rxd3 Bxd3
21. f4 Bc4 22. Be4 Rd8 23. g4 Rd2
0-1